Centroamérica: nuevas perspectivas de la integración económica regional de la región en la década de los 80 /
Gardado en:
| Autor Principal: | |
|---|---|
| Formato: | Texto |
| Idioma: | Spanish |
| Materias: | |
| Etiquetas: |
Engadir etiqueta
Sen Etiquetas, Sexa o primeiro en etiquetar este rexistro!
|
MARC
| LEADER | 00000 a a2200000 04500 | ||
|---|---|---|---|
| 001 | 43690 | ||
| 003 | cru CRAI/IIS | ||
| 005 | 20210518132144.0 | ||
| 008 | 210518b |||||||| |||| 00| 0 spa d | ||
| 040 | |c cru CRAI/IIS | ||
| 100 | 1 | |a López, José Roberto | |
| 245 | 1 | |a Centroamérica: |b nuevas perspectivas de la integración económica regional de la región en la década de los 80 / |c José Roberto López | |
| 500 | |a Colección Centroamérica | ||
| 650 | |a DESARROLLO REGIONAL | ||
| 650 | |a INTEGRACION ECONOMICA | ||
| 650 | |a INTEGRACION REGIONAL | ||
| 650 | |a COOPERACION REGIONAL | ||
| 650 | |a DESAROLLO ECONOMICO | ||
| 650 | |a CONDICIONES ECONOMICAS | ||
| 773 | |g volumen13, número39 ( , 1984), páginas 79-93 | ||
| 773 | 0 | |0 18875 |9 5316 |a Universidad de Costa Rica. |d San José, Costa Rica: Universidad de Costa Rica. Consejo Superior Universitario Centroamericano, 1972- |o 14313 |t Estudios Sociales Centroamericanos / |x 03039676 | |
| 942 | |2 ddc |c PP | ||
| 999 | |c 34382 |d 34382 | ||
